Vencedores Da Liga Portugal - Statistics

Estatísticas Gerais
  • Esse quiz foi jogado 126 vezes
  • A pontuação média é 18 de 25
Estatísticas das Respostas
Hint Resposta % Correto
2023 Benfica
93%
2022 Porto
93%
2019 Benfica
77%
2020 Porto
77%
2017 Benfica
76%
2015 Benfica
76%
2018 Porto
76%
2016 Benfica
74%
2010 Benfica
74%
2013 Porto
74%
2012 Porto
74%
2011 Porto
74%
2014 Benfica
73%
2009 Porto
73%
2008 Porto
73%
2007 Porto
73%
2003 Porto
73%
2005 Benfica
72%
2006 Porto
72%
2004 Porto
72%
2001 Boavista
61%
2024 Sporting Lisboa
61%
2021 Sporting Lisboa
56%
2000 Sporting Lisboa
50%
2002 Sporting Lisboa
49%
Nenhum quiz correspondente encontrado
Distribuição das Pontuações
Porcentagem de Pessoas com Cada Pontuação
Percentil de Números Respondidos
Sua Pontuação Histórica
Você não jogou esse quiz